000
00525nam a2200133Ia 4500
008
100328s9999 xx 000 0 und d
082
_b
5182
100
_a
कृष्णकुमार एमे.ए.
245
_a
त्रिलिंग देशांतील दैनंदिनी
260
_b
गोदावरी
630
_a
त्रिलिंग देशांतील दैनंदिनी
730
_a
त्रिलिंग देशांतील दैनंदिनी
942
_c
BOOK
999
_c
501186
_d
501183